Countries of North America- 60 second sprint - Statistics

General Stats
  • This quiz has been taken 13 times
  • The average score is 20 of 23
Answers on the Map
Answers color-coded by a green-red scale on the quiz's map according to % correct below.
 
Answer Stats
Answer % Correct
Belize
100%
Canada
100%
Costa Rica
100%
Cuba
100%
Guatemala
100%
Honduras
100%
Jamaica
100%
Mexico
100%
Panama
100%
United States
100%
Dominica
92%
Haiti
92%
Nicaragua
92%
Dominican Republic
85%
El Salvador
85%
Trinidad and Tobago
85%
Bahamas
77%
Saint Lucia
77%
Saint Vincent and the Grenadines
69%
Antigua and Barbuda
62%
Grenada
62%
Saint Kitts and Nevis
62%
Barbados
54%
No matching quizzes found
Score Distribution
Percent of People with Each Score
Percentile by Number Answered
Your Score History
You have not taken this quiz